000 00652nam a2200289Ia 4500
005 20260324123852.0
008 008 260324s9999 xx 000 0 eng d
020 _a9780203841617
037 _aEBOOK
040 _aCRL
040 _beng
040 _cCRL
041 _2eng
041 _aeng
084 _qCRL
100 _aPeg Tittle
_91171963
245 0 _aCritical Thinking
245 3 _bAn Appeal to Reason
260 _bTaylor and Francis
260 _c2011
365 _a
365 _b240
856 _uhttp://www.taylorfrancis.com/books/9780203841617
942 _cEBOOK
999 _c1765842
_d1765842